Pokémon - Champions d'Arène - Mélina (N2/B2) - Statistiques

Statistiques générales
  • Ce quiz a été pris 21 fois
  • Le résultat moyen est 79 sur 100
Statistiques - réponses
Hint Réponse % Correct
Type Acier
100%
Charmina
100%
Type Combat
100%
Lucario
100%
Mackogneur
100%
Type Psy
100%
Objet Baie Sitrus
90%
Capacités Boutefeu
90%
Capacités Casse-Brique
90%
Coatox
90%
Capacités Coupe Psycho
90%
Type Feu
90%
Gallame
90%
Capacités Gonflette
90%
Capacités Lame-Feuille
90%
Capacités Mach Punch
90%
Capacités Poing-Éclair
90%
Capacités Poinglace
90%
Type Poison
90%
Simiabraz
90%
Talent Brasier
80%
Capacités Charge-Os
80%
Capacités Close Combat
80%
Capacités Coup-Croix
80%
Capacités Lame de Roc
80%
Capacités Pisto-Poing
80%
Capacités Poing de Feu
80%
Capacités Psykoud'Boul
80%
Capacités Tranche
80%
Capacités Vampipoing
80%
Objet Ceinture Force
70%
Capacités Danse-Lames
70%
Talent Force Pure
70%
Capacités Pied Voltige
70%
Capacités Vit. Extrême
70%
Capacités Coup Bas
60%
Talent Impassible
60%
Capacités Tourmente
60%
Objet Mouchoir Choix
50%
Objet Joyau Feu
40%
Objet Baie Lichii
30%
Objet Baie Cobaba
20%
Objet Baie Sédra
20%
Capacités Clonage
20%
Objet Lentilscope
20%
Capacités Puissance
20%
Objet Baie Yapap
10%
Aucun quiz correspondant
Distribution des résultats
% des personnes avec chaque résultat
Percentile par nombre de réponses
Votre historique - résultats
Vous n’avez pas pris ce quiz